Практикум по переводу с русского языка на английский

Bibliographic Details
Main Author: Мешков О. Олег
Other Authors: Лэмберт М. Мартин
Language:English
Russian
Published: Москва, НВИ-Тезаурус, 2000
Subjects:
Format: Book
KOHA link:https://koha.lib.tpu.ru/cgi-bin/koha/opac-detail.pl?biblionumber=25513

MARC

LEADER 00000nam0a2200000 4500
001 25513
005 20231030201017.0
010 |a 5891910314 
035 |a (RuTPU)RU\TPU\book\25749 
035 |a BOOK00025824 
090 |a 25513 
100 |a 20011209d2000 m y0engy50 ba 
101 0 |a eng  |a rus 
102 |a RU 
105 |a y j 000zy 
200 1 |a Практикум по переводу с русского языка на английский  |d Learn to Translate by Translating  |f О. Мешков, М. Лэмберт 
210 |a Москва  |c НВИ-Тезаурус  |d 2000 
215 |a 116 с. 
510 1 |a Learn to Translate by Translating 
610 1 |a английский язык 
610 1 |a учебные пособия 
610 1 |a перевод 
610 1 |a практикумы 
686 |a Ш143.21-923.7  |v LBC/SL-A  |2 rubbk 
700 1 |a Мешков  |b О.  |g Олег 
701 1 |a Лэмберт  |b М.  |g Мартин 
801 0 |a RU  |b 63413507  |c 20011209  |g PSBO 
801 2 |a RU  |b 63413507  |c 20230216  |g PSBO 
942 |c BK